Dret civil català (Registro nro. 161722)

Detalles MARC
000 -LEADER
fixed length control field 01688cam a2200373 a 4500
007 - PHYSICAL DESCRIPTION FIXED FIELD--GENERAL INFORMATION
fixed length control field cr|||| ||||
008 - FIXED-LENGTH DATA ELEMENTS--GENERAL INFORMATION
fixed length control field 101005s20102012spc|||||| |000 0|cat|c
017 ## -
-- DL B. 6675-2012 (vol. 2)
-- DL B. 37751-2010 (vol. 3)
-- Biblioteca de Catalunya
020 ## - INTERNATIONAL STANDARD BOOK NUMBER
International Standard Book Number 9788476989951 (vol. 2)
035 ## -
-- 6396
040 ## - CATALOGING SOURCE
Modifying agency vLex
043 ## -
-- e-sp---
-- e-spc--
-- catmarc
080 ## -
-- 347(467.1)
090 ## -
-- 3326
-- 3326
245 00 - TITLE STATEMENT
Title Dret civil català
Medium [Recurso electrónico] /
Statement of responsibility, etc Adolfo Lucas Esteve (dir.) ; Oscar Amills Eras ... [et al.]
256 ## -
-- Servicio en línea
260 ## - PUBLICATION, DISTRIBUTION, ETC. (IMPRINT)
Place of publication, distribution, etc Barcelona :
Name of publisher, distributor, etc J.M. Bosch,
Date of publication, distribution, etc cop 2010-<2012>
300 ## - PHYSICAL DESCRIPTION
Extent 1 recurso electrónico
490 1# - SERIES STATEMENT
Series statement Bosch civil
504 ## - BIBLIOGRAPHY, ETC. NOTE
Bibliography, etc Referencias bibliográficas
505 8# - FORMATTED CONTENTS NOTE
Formatted contents note Contiene: 2. Persona i família / Adolfo Lucas Esteve (dir.) ; Enric Alavedra Farrando ... [et al.]. 3. Dret de successions / Adolfo Lucas Esteve (dir.) ; Oscar Amills Eras ... [et al.]
506 1# - RESTRICTIONS ON ACCESS NOTE
Terms governing access Contenido solo disponible en los productos indicados
Authorized users vLex Global
-- vLex Global (Academic Edition, excluding Law Schools)
-- vLex Global (U.S. Academic Edition, Law Schools)
-- vLex Global (U.S. Academic Edition, excluding Law Schools)
-- vLex Global (Academic Edition, Law Schools)
650 04 - SUBJECT ADDED ENTRY--TOPICAL TERM
Topical term or geographic name as entry element Derecho civil
Geographic subdivision Cataluña
650 04 - SUBJECT ADDED ENTRY--TOPICAL TERM
Topical term or geographic name as entry element Derecho de sucesión
Geographic subdivision Cataluña
651 #4 - SUBJECT ADDED ENTRY--GEOGRAPHIC NAME
Geographic name Cataluña
700 1# - ADDED ENTRY--PERSONAL NAME
Personal name Lucas Esteve, Adolfo,
Relator term dir.
700 1# - ADDED ENTRY--PERSONAL NAME
Personal name Alavedra Farrando, Enric
700 1# - ADDED ENTRY--PERSONAL NAME
Personal name Amills Eras, Oscar
740 0# -
-- vLex Libros (Servicio en línea)
830 #0 -
-- Bosch civil
856 40 - LOCALIZACIÓN Y ACCESO ELECTRÓNICO
Identificador Uniforme del Recurso (URI/URL) https://app.vlex.com/#/sources/dret-civil-catala-volum-ii-persona-familia-6396
942 ## -
-- RAA
999 ## -
-- 161722
-- 161722

No hay ítems disponibles.


CONTACTO


NOSOTROS


SITIOS DE INTERES

coordinacion.biblioteca.biblioteca@unienlinea.mx Misión, Visión y Objetivos Bases de datos
Directorio Bibliotecas Digitales y Repositorios
Normatividad Revistas y artículos
Convenios interbibliotecarios
Boletines



Hecho en México. Universidad Insurgentes (UIN). Todos los derechos reservados 2024. Esta página y sus contenidos pueden ser reproducidos con fines no lucrativos, siempre y cuando no se mutile, se cite la fuente completa y su dirección electrónicas. De otra forma requiere permiso previo por escrito de la institución




2024 Copyright Universidad Insurgentes | www.bibliouin.com.mx